| 000 | 00368nam a2200133Ia 4500 | ||
|---|---|---|---|
| 008 | 240624s9999 xx 000 0 und d | ||
| 041 | _aeng | ||
| 082 | _a658.8 KOT | ||
| 100 | _aKOTLER PHILIP | ||
| 245 | _aMARKETING MANAGEMENT A SOUTH ASIAN PERSP | ||
| 250 | _a(13th ed.) | ||
| 260 |
_c2009 _aNew Delhi _bPearson Prentice Hall |
||
| 300 | _axlvii, : 647 : p. : cm. ; 27 | ||
| 999 |
_c13282 _d13282 |
||